000 00631nam a2200253Ia 4500
003 OSt
005 20221007114628.0
006 a|||||r|||| 00| 0
007 ta
008 221006b |||||||| |||| 00| 0 eng d
024 _a34,534
037 _cTextual
040 _aLCO
_cLCO
_beng
041 _2eng
_aeng
082 _aZ2,2, Q1
100 _aBasu Hari Gopal
_9708155
245 0 _aPartition Act
250 _a8th
260 _aAllahabad
_bLaw Publishers India
_c2011
300 _a714
650 _aPARTITION ACT
_9707107
942 _hZ2,2, Q1
_cTEXL
999 _c1204097
_d1204097